000 00976nam a22002777a 4500
005 20240530110403.0
008 150127s2012 ua po g b 000 0 ara d
040 _aEG-CaGPL
041 0 _aara
082 0 4 _221
_a702.88\
_bإ ت
100 0 _aابراهيم محمد عبدالله
245 1 0 _aترميم الاثار الحجرية /
_cابراهيم محمد عبدالله
260 _aالاسكندرية :
_bدار المعرفة الجامعية ،
_c2012
300 _a199 ص :
_bصور ؛
_c24 سم
504 _aببليوجرافية : ص 185 - 187
650 0 4 _aالاثار الحجرية
_xترميم
650 0 4 _aالاثار ، علم
650 0 4 _aالنحت
650 0 4 _aالنحت
_xتاريخ
650 0 4 _aالصخور المتحولة
650 0 4 _aالصخور الرسوبية
650 0 4 _aالصخور الجوفية
650 0 4 _aالصخور النارية
942 _2ddc
_cBK
999 _c60307
_d60307